Christopher Okigbo 1930–67 (Record no. 4706)
[ view plain ]
| 000 -LEADER | |
|---|---|
| fixed length control field | 00500nam a22001577a 4500 |
| 008 - FIXED-LENGTH DATA ELEMENTS--GENERAL INFORMATION | |
| fixed length control field | 260424b |||||||| |||| 00| 0 eng d |
| 020 ## - INTERNATIONAL STANDARD BOOK NUMBER | |
| ISBN | 9789780813710 |
| 100 ## - MAIN ENTRY--AUTHOR | |
| Author | Obi Nwakanma |
| 245 ## - TITLE STATEMENT | |
| Title | Christopher Okigbo 1930–67 |
| Remainder of title | Thirsting for Sunlight |
| 260 ## - PUBLICATION, DISTRIBUTION, ETC. (IMPRINT) | |
| Place of publication | Ibadan |
| Name of publisher | HEBN Publishers Plc |
| Date of publication | 2010 |
| 300 ## - COLLATION | |
| Pagination | xxvii, 276p. |
| Other physical details | ill |
| 650 ## - TRACINGS | |
| Main Subject | Nigerian literature in English |
| Subdivision (1st) | Literary biography |
| Subdivision (2nd) | African/Nigerian poetry studies |
| 942 ## - ADDED ENTRY ELEMENTS (KOHA) | |
| Item type | Books |
| 050 ## - LIBRARY OF CONGRESS CALL NUMBER | |
| Classification number | PR9387.9 . |
| Item number | .O35 |
| Source of classification or shelving scheme | Not for loan | Permanent location | Current location | Date acquired | Accession No. | Full call number | Barcode. | Copy number | Koha item type |
|---|---|---|---|---|---|---|---|---|---|
| Library of Congress Classification | Samuel Ogbemudia Main Library, University of Abuja | Samuel Ogbemudia Main Library, University of Abuja | 04/24/2026 | 2026/71842 | PR9387.9 .O35 | 2026-0200 | 1 | Books |